| 000 | 00742nam0a22002531 4500 | ||
|---|---|---|---|
| 001 | rc\24617 | ||
| 005 | 20250620151434.0 | ||
| 010 |
_a5-85585-375-6 _930000 |
||
| 035 | _a(NLR Aleph) 005311876 | ||
| 090 |
_a6394783 _c6394783 |
||
| 100 | _a20021216d1995 |||y0rusy50 ca | ||
| 101 | 0 | _arus | |
| 102 | _aRU | ||
| 105 | _aa ||||||||| | ||
| 200 | 1 |
_aСтрастное заклинание _e[Роман] _fЛинда Гасс _g[Пер. с англ. Е. Фишгойт] |
|
| 210 |
_aМ. _cЭКСМО _d1995 |
||
| 215 |
_a335 с. _cил. _d17 |
||
| 225 | 1 | _aСчастливая любовь | |
| 700 | 1 |
_aГасс _bЛ. _gЛинда |
|
| 801 | 0 |
_aRU _bNLR _gpsbo |
|
| 801 | 1 |
_aRU _bELAR _2rusmarc |
|
| 852 |
_aNLR _j96-2/379 |
||
| 942 | _cBOOK | ||
| 980 | _aNB | ||